Statistics for Find the country according to the capital

Click here to take the quiz!

General Stats

  • This quiz has been taken 24 times
  • The average score is 9 of 10

Answer Stats

HintAnswer% Correct
ottawacanada
100%
santiagochile
100%
guatemala cityguatemala
100%
dublinireland
100%
andorra la vellaandorra
95%
rigalatvia
95%
manilaphilippines
95%
taipeitaiwan
95%
muscatoman
82%
yaoundecameroon
77%

Score Distribution

Percentile by Number Answered

Percent of People with Each Score

Your Score History

You have not taken this quiz